Online Catalogue and eLibrary

Rights and power sharing Issues in Sri Lanka with specialfocus on Indian Tamil comunity (Record no. 3998)

MARC details
000 -LEADER
fixed length control field 00499nam a2200169Ia 4500
005 - DATE AND TIME OF LATEST TRANSACTION
control field 20250128004351.0
008 - FIXED-LENGTH DATA ELEMENTS--GENERAL INFORMATION
fixed length control field 240331s9999 xx 000 0 und d
020 ## - INTERNATIONAL STANDARD BOOK NUMBER
ISBN
082 ## - DDC Classification
Item Number - Author Mark DEV
Class No. 948
100 ## - MAIN ENTRY--PERSONAL NAME
Personal name Devaraj, P.P
245 #0 - TITLE STATEMENT
Title Rights and power sharing Issues in Sri Lanka with specialfocus on Indian Tamil comunity
260 ## - PUBLICATION, DISTRIBUTION, ETC.
Place of publication, distribution, etc. Colombo
Name of publisher, distributor, etc. Foundation for Community Transformation
Date of publication, distribution, etc. 2006
300 ## - PHYSICAL DESCRIPTION
Extent (e.g. Volumes, Pages etc.) iii, 81 p .,
650 ## - SUBJECT ADDED ENTRY--TOPICAL TERM
Topical term or geographic name entry element Fundamental Rights
650 ## - SUBJECT ADDED ENTRY--TOPICAL TERM
Topical term or geographic name entry element Multi Cultural
942 ## - Koha item type (Biblio)
Koha item type Books in Stacks (Lending)
Holdings
Lost status Damaged status Collection code Home library Current library Shelving location Date acquired Full call number Accession Number Item type
    Lending WERC Library WERC Library Social Science Cupboard 03/31/2024 948 DEV 5764 Books in Stacks (Lending)

© WERC Library